| 000 | 00582nam a2200241 a 4500 | ||
|---|---|---|---|
| 001 | nice12345678 | ||
| 003 | IN_TiNIC | ||
| 005 | 20260116012254.0 | ||
| 008 | 050524s1985 graa grp 000 0 eng | ||
| 020 |
_a _c50 |
||
| 082 | 0 | 0 |
_a230 _bRID |
| 100 | _aRidder, Rochard R De | ||
| 245 | _aDiscipling the Nations. | ||
| 260 |
_aGrand Rapids _bBaker Book House _c1985 |
||
| 300 | _a253p | ||
| 500 | _aincludes index and biblioraphy | ||
| 505 | 2 | _aGeneral Index | |
| 650 | _aTheology | ||
| 700 | 1 | _aRidder, Rochard R De | |
| 902 | _bSRS | ||
| 942 | _cBK | ||
| 999 |
_c6338 _d6338 |
||